02110nam a22002057a 4500008004100000020001800041040000800059041000800067050002200075100003300097245009900130260003200229300004900261520138100310650004701691650004701738942000801785952009601793999001501889251008b |||||||| |||| 00| 0 eng d a9781398618992 ctbs aeng aHD69.B7bF37 2025 aFataar, Leila926065eauthor aCulture-led brands b: drive growth, build resilience and cultivate resonancec/ Leila Fataar. aLondon :bKoganPage,c2025. axvii, 245 pages : billustrations ; c24 cm. aIn a world of relentless change and pervasive uncertainty, brands can only thrive if they become adept at reading and responding to cultural currents and signals. Today, cultural relevance is not just a marketing output, but a foundational element of successful contemporary business strategy. Brands no longer operate in a vacuum; instead, they are active participants in a global dialogue impacting culture and communities, both geographical and through fandoms. This book equips leaders with the tools to navigate this rapidly evolving business landscape, embracing uncertainty and harnessing cultural relevance to drive growth. Covering everything from marketing to commerce, innovation and creativity, political sensitivity and technology transformations all the way to diversity and inclusion, environmental consciousness and how to credibly leverage the influence of cultural voices, this book enables you to build a culture-led growth strategy and create a resilient brand. With real-world examples from brands like adidas Originals, Guinness and YouTube, this book provides a practical framework for embedding cultural relevance throughout your entire brand. It encourages leaders to rethink not just their external messaging, but their internal values and operations to create a culture-led branding and business strategy that is adaptive, authentic and accountable. 0aBrand name productsxSocial aspects926066 0aBranding (Marketing)xSocial aspects98758 2lcc 00102lcc4070aTBSbTBSd2025-10-08l0oHD69.B7 FATpB07660r2025-10-08t1w2025-10-08y1 c5022d5022